00750 2200253 4500001002100000005001700021008004100038020002200079035002500101040001200126082001500138090001900153100001800172245009000190260004300280300002800323504003100351650002500382700002300407850001200430990001800442990001800460990001800478INLIS00000000000417620150730130742.0  a978-602-18651-4-9 a0010-041500000001242 aYOPDYOG 223a004.03 aR 004.03 Eko K aEKO Sujatmiko aKamus teknologi informasi dan komunikasic/ Eko Sujatmiko; Editor, Agung Tri Haryanta aSurakartabAksarra Sinergi Mediac2012 aviii, 392 hlm.c; 21 cm aBibliografi : hlm. 339-341 aIlmu KomputerxKamus aAGUNG Tri Haryanta aYOPDYOG a11233-PD/B.15 a11234-PD/B.15 a11235-PD/B.15